000 00587nam a2200205Ia 4500
008 131103s9999 xx 000 0 und d
040 _aLoreto College
041 _aEnglish
082 _a153/MAT
_bLCLIB/PsySemLib491/Xeroxed142
100 _aMatlin,Margaret W.
245 _aCognition
_cMargaret W.Matlin
250 _a4th ed
260 _aPhiladelphia
_bHarcourt Brace College Publishers
_c[19_ _]
300 _a561p
_c 20cm
504 _aIncludes bibliographical references and index
650 _aPsychology
651 _aCognition
850 _aLCLIB/153/MAT
942 _cBK
999 _c18058
_d68537